Gaming Quiz

Random Gaming or Video Games Quiz

This Game Is Not Suitable for Children Quiz Stats

 Plays Quiz Updated Jul 18, 2018

Challenge
Share
Tweet
Embed
Score 0/24 Timer 05:00
2 Plays Today
% Correct
Grand Theft Auto V
86.9%
The Legend of Zelda: Breath of the Wild
85%
Mario Kart Wii
80.2%
South Park: The Stick of Truth
69.1%
The Sims
67.8%
Guitar Hero III: Legends of Rock
61.8%
Assassin's Creed
57%
Portal
56.9%
Mass Effect
53.4%
Red Dead Redemption
46.7%
Minecraft
46.2%
Uncharted 2: Among Thieves
45.7%
% Correct
Grim Fandango
45.6%
Dead Space
44.7%
Team Fortress 2
32.5%
The Binding of Isaac: Rebirth
32.5%
Outlast
29.9%
Wolfenstein 3D
28.6%
Beyond: Two Souls
26.4%
Prince of Persia: The Sands of Time
24.5%
Tomb Raider
22.6%
BioShock Infinite
22.2%
The Last of Us
20.8%
Shadow of the Colossus
17%

You're not logged in!

Compare scores with friends on all Sporcle quizzes.
OR
Log In

You Might Also Like...

Show Comments

Extras

Top Quizzes Today


Score Distribution

Your Account Isn't Verified!

In order to create a playlist on Sporcle, you need to verify the email address you used during registration. Go to your Sporcle Settings to finish the process.

Report this User

Report this user for behavior that violates our Community Guidelines.

Details: